Top 30 Surnames (Spain) Quiz Stats

 Plays Quiz Updated Jan 27, 2020

     
Support Sporcle.
Go Orange.
Score 0/30 Timer 10:00
3 Plays Today
% of population Last Name % Correct
3.16%Garcia
61.8%
1.99%Rodriguez
61.3%
1.87%Lopez
58.3%
0.77%Hernandez
55.5%
1.99%Gonzalez
52.8%
1.79%Martinez
52.2%
1.05%Martin
52.1%
1.76%Sanchez
50.6%
1.97%Fernandez
49.9%
1.67%Perez
41.2%
1.06%Gomez
40.3%
0.36%Torres
31.2%
0.29%Ramirez
28.1%
0.31%Ramos
24.3%
0.84%Jimenez
23.4%
% of population Last Name % Correct
0.60%Alvarez
22.7%
0.42%Alonso
22.3%
0.73%Diaz
20.3%
0.42%Gutierrez
20.1%
0.79%Ruiz
19.2%
0.26%Blanco
17.6%
0.34%Dominguez
17%
0.69%Moreno
14.2%
0.32%Vazquez
13.6%
0.61%Muñoz
11.9%
0.47%Romero
11.3%
0.26%Molina
9.9%
0.38%Navarro
9.7%
0.30%Gil
8.2%
0.28%Serrano
7.1%

From the Vault

UK Pub Quiz: British Literature

by LyndonG

For those of you who'd prefer to read a book rather than grab a pint.
Remove Ads.
Support Sporcle.
Get the best of Sporcle when you Go Orange. This ad-free experience offers more features, more stats, and more fun while also helping to support Sporcle. Thank you for becoming a member.

Show Comments

Extras

Top Quizzes Today


Score Distribution

Your Account Isn't Verified!

In order to create a playlist on Sporcle, you need to verify the email address you used during registration. Go to your Sporcle Settings to finish the process.

Report this User

Report this user for behavior that violates our Community Guidelines.

Details: